| 000 | 00275 a2200121 4500 | ||
|---|---|---|---|
| 999 |
_c321811 _d321811 |
||
| 001 | 86738 | ||
| 003 | NUST | ||
| 005 | 20180123112242.0 | ||
| 008 | 180123b xxu||||| |||| 00| 0 eng d | ||
| 082 | _a891.4393 FAY | ||
| 100 |
_aFaysal Ajami _99597 |
||
| 245 |
_aSonami _hUrdu |
||
| 260 |
_aIslamabad _bAasaar Academy _c2009 |
||
| 300 | _a242p. | ||
| 942 |
_aCAE NUST _cBK _k891.4393 FAY _2ddc |
||